00289nam a2200121Ia 4500008004100000100002500041245005000066260001200116260001100128260000900139300000700148650001200155160103s9999 xx 000 0 und d10aPremathilake,K.A.P.A aDevelopment of Herbal tooth Whitening Product aColombo bIchemc c2014 a25 aHerbal